000 00360 a2200145 4500
005 20250315081406.0
020 _a0 582 35264 9
082 _a339 STA
100 _aSTANLAKE, G.F.
245 _aMacro- Economics: An Introduction.
250 _a2nd Ed.
260 _aEngland,
_bLongman,
_c1979.
300 _aIX,266P.:Ill.;figures,table.
_c21cm.
942 _2ddc
_cBKS
999 _c686
_d686